000 00341nam a2200133Ia 4500
008 230312s9999||||xx |||||||||||||| ||und||
082 _a657
_bADV
245 0 _aAdvanced Accounting
260 _bInstitute of Chartered accountants Pak
_aKarachi
300 _a2437
546 _aEng.
650 _aAccounting
_vFinancial Accounting
942 _cBK
999 _c4929
_d4929